000 00661nam a2200229Ia 4500
003 OSt
005 20220923213428.0
006 a|||||r|||| 00| 0
007 ta
008 220922b |||||||| |||| 00| 0 hin d
024 _a161,991
037 _cTextual
040 _aARTS
_cARTS
_bhin
041 _2hin
_ahin
082 _aO152:2N03:11, J8(-)
100 _aमिश्र, लक्ष्मीनारायण
245 0 _aगरूड़ वज
246 _aGarūड़ vaja
260 _c1958
942 _hO152:2N03:11, J8(-)
_cTEXL
_2CC
999 _c316494
_d316494